| 000 | 00584nam a22002175i 4500 | ||
|---|---|---|---|
| 001 | 11808 | ||
| 003 | ES-MaACL | ||
| 007 | t| | ||
| 008 | 931007s1993 sp ||||0| spa j | ||
| 020 | _a84-321-2970-4 | ||
| 040 |
_aM-BN _bspa _cM-BN |
||
| 080 | _a860-14"19" | ||
| 100 | 1 |
_aMarín, Juan Antonio. _976745 |
|
| 245 | 1 | 3 |
_aEl horizonte de la noche / _cJuan Antonio Marín. |
| 260 |
_aMadrid : _bRialp, _c[1993] |
||
| 300 |
_a74 p. ; _c18 cm. |
||
| 490 | 1 |
_aAdonais ; _v499 |
|
| 830 | 0 | 0 |
_aAdonáis _v499 _9173743 |
| 852 |
_aES-MaACL _jJ-23-499 _bR.125388 |
||
| 999 |
_c11808 _d11808 |
||